| 000 | 00835cab a2200265 4500 | ||
|---|---|---|---|
| 001 | WB3141-10 | ||
| 008 | 090401t1995 xxu||||| |||| 00| 0 eng d | ||
| 035 | _a(Sirsi) u14852 | ||
| 041 | _aeng | ||
| 245 | _aBungled NHS property deals lose money | ||
| 260 | _c1995 | ||
| 350 | _a0 | ||
| 490 |
_aFinancial Times _v1 November 1995, 9(1) |
||
| 520 | _aFailure to investigate the financial health of companies has meant health authorities, renting out surplus buildings to those companies, losing thousands of pounds. | ||
| 650 | _aHEALTH AUTHORITIES | ||
| 650 | _aHEALTH TRUSTS | ||
| 650 | _aMISMANAGEMENT | ||
| 650 | _aNATIONAL HEALTH SERVICE | ||
| 650 | _aNEGLIGENCE | ||
| 650 |
_aProperty management _96262 |
||
| 650 | _aSURPLUS PROPERTY | ||
| 690 | _aPROPERTY-COMMERCIAL PROPERTY | ||
| 942 | _n0 | ||
| 948 | _c04/03/1997 | ||
| 999 |
_c9693 _d9693 |
||